Soluciones innovadoras en cierres y fijaciones (Record no. 12164)
[ view plain ]
| 000 -CABECERA | |
|---|---|
| campo de control de longitud fija | 00804nam a2200229 4500 |
| 003 - IDENTIFICADOR DEL NÚMERO DE CONTROL | |
| campo de control | OSt |
| 005 - FECHA Y HORA DE LA ÚLTIMA TRANSACCIÓN | |
| campo de control | 20260530113912.0 |
| 008 - DATOS DE LONGITUD FIJA--INFORMACIÓN GENERAL | |
| campo de control de longitud fija | 260505b hk a|||| |||| 00| 0 spa d |
| 040 ## - FUENTE DE LA CATALOGACIÓN | |
| Centro catalogador/agencia de origen | ICI |
| Lengua de catalogación | spa |
| Centro/agencia transcriptor | ICI |
| Normas de descripción | rda |
| 041 ## - CÓDIGO DE LENGUA | |
| Código de lengua del texto/banda sonora o título independiente | spa |
| 050 ## - SIGNATURA TOPOGRÁFICA DE LA BIBLIOTECA DEL CONGRESO | |
| Número de clasificación | TS283 |
| Número de documento/Ítem | .S65 |
| 245 ## - MENCIÓN DE TÍTULO | |
| Título | Soluciones innovadoras en cierres y fijaciones |
| 264 ## - PRODUCCIÓN, PUBLICACIÓN, DISTRIBUCIÓN, FABRICACIÓN Y COPYRIGHT | |
| Producción, publicación, distribución, fabricación y copyright | Pensilvania, |
| Nombre del de productor, editor, distribuidor, fabricante | Southco, |
| Fecha de producción, publicación, distribución, fabricación o copyright | 2000 |
| 300 ## - DESCRIPCIÓN FÍSICA | |
| Extensión | 629 páginas : |
| Otras características físicas | ilustraciones |
| 490 ## - MENCIÓN DE SERIE | |
| Mención de serie | Manual ; |
| 500 ## - NOTA GENERAL | |
| Nota general | Obra técnica que presenta soluciones innovadoras en sistemas de cierres y fijaciones, abordando aplicaciones industriales, materiales y diseño en ingeniería. |
| 650 #4 - PUNTO DE ACCESO ADICIONAL DE MATERIA--TÉRMINO DE MATERIA | |
| Término de materia o nombre geográfico como elemento de entrada | Cierres mecánicos |
| 9 (RLIN) | 33554 |
| 650 #4 - PUNTO DE ACCESO ADICIONAL DE MATERIA--TÉRMINO DE MATERIA | |
| Término de materia o nombre geográfico como elemento de entrada | Sujetadores (Ingeniería) |
| 9 (RLIN) | 33555 |
| 650 #4 - PUNTO DE ACCESO ADICIONAL DE MATERIA--TÉRMINO DE MATERIA | |
| Término de materia o nombre geográfico como elemento de entrada | Elementos de fijación |
| 9 (RLIN) | 33556 |
| 650 #4 - PUNTO DE ACCESO ADICIONAL DE MATERIA--TÉRMINO DE MATERIA | |
| Término de materia o nombre geográfico como elemento de entrada | Ingeniería mecánica |
| 9 (RLIN) | 33557 |
| 942 ## - ELEMENTOS DE PUNTO DE ACCESO ADICIONAL (KOHA) | |
| Fuente del sistema de clasificación o colocación | Library of Congress Classification |
| Tipo de ítem Koha | |
| Suprimir en OPAC | 1 |
No items available.